| 000 | 01862nam a22002417a 4500 | ||
|---|---|---|---|
| 999 |
_c60128 _d60128 |
||
| 003 | Ge_BSU | ||
| 005 | 20230612103726.0 | ||
| 008 | 230612s2005 ge ||||| |||| 00| 0 geo d | ||
| 041 | _ageo | ||
| 080 | _a069(479.22) ო-87 | ||
| 245 |
_aოქრომრავალი კოლხეთი = Colchis-Land of golden fleece : _b[გამოფენის კატალოგი] / _cკატალოგზე მუშაობდნენ: ნინო ანდრიაშვილი, დავით ცვარიანი, არჩილ ხაჭაპურიძე [და სხვ.] ; წინათქმა დავით ლორთქიფანიძე ; საქართველოს ეროვნული მუზეუმი. |
||
| 264 |
_aთბილისი, _c2005. |
||
| 300 |
_a96 გვ. : _bილ. ; _c31 სმ. |
||
| 500 | _aკატალოგი დაიბეჭდა BP საქართველოს მხარდაჭერით. ყდა, თავფურცელი, ტექსტი ქართულ და ინგლისურ ენებზე. | ||
| 653 | _aვანის არქეოლოგიური გათხრები | ||
| 653 | _aსაქართველოს სამუზეუმო ექსპონატები | ||
| 700 |
_aანდრიაშვილი, ნინო _eშემდგენელი _918620 |
||
| 700 |
_aცვარიანი, დავით _eშემდგენელი _918621 |
||
| 700 |
_aხაჭაპურიძე, არჩილ [და სხვ.] _918622 |
||
| 700 |
_aლორთქიფანიძე, დავით _eწინათქმა _917912 |
||
| 710 |
_a საქართველოს ეროვნული მუზეუმი. _918623 |
||
| 942 |
_2udc _cBK |
||